معر و ف و غير معر و ف ا فسا نہ نگا ر و ں کی ا فسا نو ی خد ما ت (Record no. 174310)

MARC details
000 -LEADER
fixed length control field 00738nam a22001937a 4500
005 - DATE AND TIME OF LATEST TRANSACTION
control field 20200603144635.0
010 ## - LCCN (DPL NO)
LC control number UR-10779
020 ## - INTERNATIONAL STANDARD BOOK NUMBER
Terms of availability 298.00
International Standard Book Number 9789389002270
035 ## - SYSTEM CONTROL NUMBER
System control number U-9334
037 ## - SOURCE OF ACQUISITION
Source of stock number/acquisition DBAD/PUB
Stock number -
082 ## - DEWEY DECIMAL CLASSIFICATION NUMBER
Classification number 840.8
100 ## - MAIN ENTRY--PERSONAL NAME
Personal name قيا م نير
245 ## - TITLE STATEMENT
Title معر و ف و غير معر و ف ا فسا نہ نگا ر و ں کی ا فسا نو ی خد ما ت
Statement of responsibility, etc قيا م نير
246 ## - VARYING FORM OF TITLE
Remainder of title Maroof Wa Ghar Maroof Afsananigaron Ki Afsanvi Khidmaat (Urdu)
Title proper/short title by Qayam Naiyar
260 ## - PUBLICATION, DISTRIBUTION, ETC. (IMPRINT)
Place of publication, distribution, etc Delhi
Name of publisher, distributor, etc Educational Publishing House
Date of publication, distribution, etc 2019 ء
270 ## - ADDRESS
Address 3191,Vakil Street,Kucha Pandit Lal Kuan,
City Delhi
Postal code 110006
Telephone number 23216162
Fax number -
300 ## - PHYSICAL DESCRIPTION
Extent 516 ص
Dimensions 22 Cm(Hb)
942 ## - ADDED ENTRY ELEMENTS (KOHA)
Source of classification or shelving scheme Dewey Decimal Classification
Item type Urdu Bks
Classification part 840.8
Call number suffix ق ی ا
Holdings
Withdrawn status Lost status Not for loan Collection code Home library Current library Date acquired Source of acquisition Cost, normal purchase price Full call number Barcode Copy number Cost, replacement price Koha item type
      Non-fiction Central Library Central Library 03/06/2020 DBAD/PUB 298.00 840.8 ق ی ا U-9334 1 298.00 Urdu Bks

© Delhi Public Library
Hit Counter
free hit counter